000 00620cam a22002173a 4500
001 37902
003 PGUSA
005 20140828083831.0
008 111101s2011||||xxu|||||s|||||000 | eng d
040 _aPGUSA
_beng
042 _adc
100 1 _aRoos, Mathilda,
_d1852-1908
245 1 0 _aSaulus Tarsolainen :
_bErään sielun historia
_h[electronic resource] /
_cMathilda Roos
260 _bProject Gutenberg,
_c2011
506 _aPublic domain in the USA.
516 _aElectronic text
700 1 _aK. G. H.
830 0 _aProject Gutenberg
_v37902
856 4 0 _uhttp://www.gutenberg.org/ebooks/37902
942 _cEB
999 _c267156
_d267156